|
|
|
|
| LEADER |
05387nam a2200697 4500 |
| 001 |
ocn871228606 |
| 003 |
OCoLC |
| 005 |
20170124070211.4 |
| 006 |
m o d |
| 007 |
cr ||||||||||| |
| 008 |
140228s2014 enk ob 001 0 eng |
| 010 |
|
|
|a 2014008180
|
| 040 |
|
|
|a DLC
|b eng
|e rda
|c DLC
|d YDX
|d N$T
|d CUS
|d YDXCP
|d DG1
|d OCLCF
|d CDX
|d RECBK
|d OCLCO
|d E7B
|d TEFOD
|d COO
|d EBLCP
|d DG1
|d GrThAP
|
| 020 |
|
|
|a 9781118834312
|q electronic bk.
|
| 020 |
|
|
|a 1118834313
|q electronic bk.
|
| 020 |
|
|
|a 9781118834138
|q electronic bk.
|
| 020 |
|
|
|a 1118834135
|q electronic bk.
|
| 020 |
|
|
|a 9781118834381
|q electronic bk.
|
| 020 |
|
|
|a 1118834380
|q electronic bk.
|
| 020 |
|
|
|z 9781444337341 (cloth)
|
| 020 |
|
|
|a 1444337343
|
| 020 |
|
|
|a 9781444337341
|
| 029 |
1 |
|
|a NZ1
|b 15753472
|
| 029 |
1 |
|
|a GBVCP
|b 81429278X
|
| 029 |
1 |
|
|a AU@
|b 000058374030
|
| 035 |
|
|
|a (OCoLC)871228606
|
| 037 |
|
|
|a 373D221B-1B00-4BE0-A919-9DD43D9D66A4
|b OverDrive, Inc.
|n http://www.overdrive.com
|
| 042 |
|
|
|a pcc
|
| 043 |
|
|
|a mm-----
|
| 050 |
0 |
0 |
|a DE73
|
| 072 |
|
7 |
|a HIS
|x 002020
|2 bisacsh
|
| 082 |
0 |
0 |
|a 937.004
|2 23
|
| 049 |
|
|
|a MAIN
|
| 245 |
0 |
2 |
|a A companion to ethnicity in the ancient Mediterranean /
|c edited by Jeremy McInerney.
|
| 264 |
|
1 |
|a Chichester, West Sussex :
|b Wiley Blackwell
|c 2014.
|
| 300 |
|
|
|a 1 online resource.
|
| 336 |
|
|
|a text
|2 rdacontent
|
| 337 |
|
|
|a computer
|2 rdamedia
|
| 338 |
|
|
|a online resource
|2 rdacarrier
|
| 490 |
1 |
|
|a Blackwell Companions to the Ancient World
|
| 500 |
|
|
|a Includes index.
|
| 588 |
|
|
|a Description based on print version record and CIP data provided by publisher.
|
| 504 |
|
|
|a Includes bibliographical references and index.
|
| 505 |
0 |
|
|a Series Page; Title Page; Copyright; Notes on Contributors; Acknowledgments; Chapter 1: Ethnicity: An Introduction; Large Gallic Ladies; What's Bred in the Bone; Theorizing Ethnicity; The Greeks and their Neighbors; Urbis et Orbis; The Afterlife of Ethnicity; References; Further Reading; Chapter 2: Ethnicity and Language in the Ancient Mediterranean; Introduction; Language as a Marker of Ethnic Identity; Languages and Interethnic Relations in Prehistory; Ethnicity and Language Shift in the Roman Empire; Etruscan-Roman Rivalry in the Light of the Foundation Myth
|
| 505 |
8 |
|
|a Trade Relations and Issues of Ethnicity and LanguageReferences; Further Reading; Chapter 3: Mediterranean Archaeology and Ethnicity; Introduction; Ethnicity; Ethnicity and Identity in the Material Record; Ethnicity and Archaeology in the Eastern Mediterranean; Conclusion; References; Further Reading; Chapter 4: Ethnicity and World-Systems Analysis; Introduction; World-Systems Analysis: Developments, Critiques, Revisions; Applications to European Prehistory; The Aegean; WSA and the Ancient World: Opportunities and Challenges; Acknowledgment; References; Further Reading
|
| 505 |
8 |
|
|a Chapter 5: Ancient Ethnicity and Modern IdentityIntroduction; A Note on Terminology and Definitions; Primordial Legacies and Race Theories; Primordial Ethnicity; Essentialized Antiquity; Dynamic Ethnicities and Instrumentalism; Historical Constructions of Ethnicities; Embodied Ethnicities; The Dynamics of Ancient Ethnicities; Modern Discourses of Ancient Ethnicities; References; Further Reading; Chapter 6: Bronze Age Identities: From Social to Cultural and Ethnic Identity; Situating Bronze Age Identities-The Dialectics of Social, Cultural, and Ethnic Identities
|
| 505 |
8 |
|
|a Coexisting "National" and "International" Identities. Northern and Central Europe 1500-1300 bcPolities and Local Identities: Ethnic Groups and Political Boundaries; Coping with Complexity: The Role of "Local," "National," and "International" Identities; References; Further Reading; Chapter 7: Networks and Ethnogenesis; Introduction; Network Methodologies and Antiquity; Small Worlds; Scale-Free Networks; Centrality, Texts, and Relational Space; Material Networks and Relational Space; Social Network Analysis; Ethnogenesis and the Creation of Ethnic Identity in Antiquity; The Archaic Greeks
|
| 505 |
8 |
|
|a The Roman Jewish DiasporaThe Germanic Tribes; Future Developments; References; Further Reading; Chapter 8: Ethnic Identities, Borderlands, and Hybridity; Varieties of Amalgamation; Borderlands, Boundaries, and Frontiers; Hybrid Ethnicity and Borderlands in the Greco-Roman World; Hybridity and Syncretism; In the Bedroom; Mixture or Compound?; References; Further Reading; Chapter 9: Hittites and Anatolian Ethnic Diversity; Hatti and the Hittites; Forerunners of the Hittite Kingdom; Ethnic Diversity within the Kingdom; The Luwians, Luwiya, and Arzawa; Greeks in Anatolia
|
| 650 |
|
0 |
|a Ethnology
|z Mediterranean Region.
|
| 650 |
|
7 |
|a HISTORY / Ancient / Rome
|2 bisacsh
|
| 650 |
|
7 |
|a Ethnicity.
|2 fast
|0 (OCoLC)fst00916034
|
| 650 |
|
7 |
|a Ethnology.
|2 fast
|0 (OCoLC)fst00916106
|
| 651 |
|
0 |
|a Mediterranean Region
|x Ethnic identity.
|
| 651 |
|
7 |
|a Mediterranean Region.
|2 fast
|0 (OCoLC)fst01239752
|
| 655 |
|
4 |
|a Electronic books.
|
| 655 |
|
0 |
|a Electronic books.
|
| 700 |
1 |
|
|a McInerney, Jeremy,
|d 1958-
|
| 776 |
0 |
8 |
|i Print version:
|t Companion to ethnicity in the ancient Mediterranean
|d Chichester, West Sussex : John Wiley & Sons, 2014
|z 9781444337341
|w (DLC) 2014005452
|
| 830 |
|
0 |
|a Blackwell companions to the ancient world.
|
| 856 |
4 |
0 |
|u https://doi.org/10.1002/9781118834312
|z Full Text via HEAL-Link
|
| 994 |
|
|
|a 92
|b DG1
|